000 00393nam a2200169Ia 4500
008 210210b1856 xxu||||| |||| 00| 0 eng d
041 _aeng
082 _a822/1119
100 _aSMILES (S)
245 _aWit and wisdom
260 _aLondon
_bLongmans Green and Company Limited
_c1856
650 _aWit
650 _awisdom
650 _aand
690 _aEnglish Prose
906 _a013302
999 _c132167
_d132167